书目信息 |
| 题名: |
室外景观与书设计
|
|
| 作者: | 韩巍 | |
| 分册: | ||
| 出版信息: | 北京 天津人民美术出版社 2003 |
|
| 页数: | 92 | |
| 开本: | 26cm | |
| 丛书名: | ||
| 单 册: | ||
| 中图分类: | TU856 | |
| 科图分类: | ||
| 主题词: | 房屋建筑设备:机电设备 | |
| 电子资源: | ||
| ISBN: | 7-5305-2222-1 | |
| 000 | 00540nam0 2200181 450 | |
| 001 | 0729297901 | |
| 005 | 20071003080817.90 | |
| 010 | @a7-5305-2222-1@b精装@d¥48.00 | |
| 100 | @a20071003d km y0chiy0120 ea | |
| 101 | 0 | @achi |
| 200 | 1 | @a室外景观与书设计@Ashi wai jing guan yu shu she ji@f韩巍@Fhan wei |
| 210 | @a北京@c天津人民美术出版社@d2003 | |
| 215 | @a92@d26cm | |
| 606 | 0 | @a房屋建筑设备:机电设备 |
| 690 | @aTU856@v4 | |
| 701 | 0 | @a韩巍@Ahan wei |
| 801 | 0 | @aCN@b大连网信软件有限公司图书馆·11@c20071003 |
| 905 | @a213230@dTU856@eM42 | |
| 室外景观与书设计/韩巍.-北京:天津人民美术出版社,2003 |
| 92;26cm |
| ISBN 7-5305-2222-1(精装):¥48.00 |
| ● |
| 相关链接 |
|
|
|
|
正题名:室外景观与书设计
索取号:TU856/M42
 
预约/预借
| 序号 | 登录号 | 条形码 | 馆藏地/架位号 | 状态 | 备注 |
| 1 | 6400971 | 264009717 | 美术系资料室/ [索取号:TU856/M42] | 在馆 |